[Event "Aberto Brasil - II Niterói Chess Open "]
[Site "Salão de Convenções do Hot"]
[Date "2022.09.07"]
[Round "9.25"]
[White "Carvalho Jr, Celestino"]
[Black "Lage, Pedro Ferreira"]
[Result "0-1"]
[WhiteElo "1938"]
[BlackElo "2120"]
[PlyCount "66"]
[EventDate "2022.09.01"]
[EventRounds "9"]
[EventCountry "BRA"]

1. Nf3 d5 2. g3 c6 3. Bg2 Bg4 4. d3 Nd7 5. O-O e6 6. Nbd2 Bd6 7. Qe1 Ne7 8. e4
O-O 9. e5 Bc7 10. d4 c5 11. c3 cxd4 12. cxd4 Nc6 13. a3 f6 14. exf6 Qxf6 15. h3
Bh5 16. Qe3 Rae8 17. b4 e5 18. Bb2 e4 19. Ne1 Ne7 20. Rc1 Bb8 21. g4 Bxg4 22.
hxg4 Bf4 23. Qh3 Bxd2 24. Rd1 Bf4 25. Nc2 Qd6 26. Rfe1 Nb6 27. Qb3 Nc4 28. Bc1
Ng6 29. Be3 Nh4 30. Re2 Bh2+ 31. Kh1 Nf3 32. Bxf3 exf3 33. Ree1 Bf4 0-1

[Event "Aberto Brasil - II Niterói Chess Open "]
[Site "Salão de Convenções do Hot"]
[Date "2022.09.07"]
[Round "9.26"]
[White "Castro Silva, Alex"]
[Black "Lima, Kleyton Alcantara"]
[Result "0-1"]
[WhiteElo "1928"]
[BlackElo "2107"]
[PlyCount "66"]
[EventDate "2022.09.01"]
[EventRounds "9"]
[EventCountry "BRA"]

1. e4 e5 2. Nf3 Nc6 3. Bb5 a6 4. Ba4 Nf6 5. O-O b5 6. Bb3 Bc5 7. Qe2 O-O 8. c3
d6 9. h3 Be6 10. Bxe6 fxe6 11. Rd1 Bb6 12. d4 exd4 13. cxd4 Qe7 14. e5 dxe5 15.
dxe5 Nd5 16. Bg5 Qf7 17. Nc3 Ncb4 18. Ne4 h6 19. Bc1 Qg6 20. Nh4 Qf7 21. Rf1
Nc6 22. Nc3 Nce7 23. Be3 Nxc3 24. bxc3 Nd5 25. Bxb6 cxb6 26. c4 Nf4 27. Qe4
bxc4 28. Qxc4 Qh5 29. Nf3 Rac8 30. Qb3 Rc3 31. Qxb6 Rxf3 32. Rfe1 Rxh3 33. f3
Qh4 0-1

[Event "Aberto Brasil - II Niterói Chess Open "]
[Site "Salão de Convenções do Hot"]
[Date "2022.09.07"]
[Round "9.27"]
[White "De Albuquerque, Pedro Henrique Corr"]
[Black "Do Nascimento, Christian Almeida"]
[Result "0-1"]
[WhiteElo "1835"]
[BlackElo "2089"]
[PlyCount "54"]
[EventDate "2022.09.01"]
[EventRounds "9"]
[EventCountry "BRA"]

1. e4 c5 2. Nf3 g6 3. d4 cxd4 4. Nxd4 Bg7 5. Nc3 Nc6 6. Be3 Nf6 7. Bc4 O-O 8.
Bb3 d6 9. f3 Bd7 10. h4 Qa5 11. g4 Rfc8 12. h5 Ne5 13. hxg6 hxg6 14. Qd2 Rc4
15. O-O-O Rac8 16. Nf5 Bxf5 17. gxf5 Rxc3 18. bxc3 Nc4 19. Bxc4 Qa3+ 20. Kb1
Rxc4 21. fxg6 Nxe4 22. gxf7+ Kf8 23. Rh8+ Bxh8 24. Bh6+ Kxf7 25. Qd5+ Ke8 26.
Qb5+ Kd8 27. fxe4 Qxc3 0-1

[Event "Aberto Brasil - II Niterói Chess Open "]
[Site "Salão de Convenções do Hot"]
[Date "2022.09.07"]
[Round "9.28"]
[White "Moyses Sobrinho, Elias"]
[Black "Campos, Alexandre Ferreira"]
[Result "1-0"]
[WhiteElo "1801"]
[BlackElo "2042"]
[PlyCount "60"]
[EventDate "2022.09.01"]
[EventRounds "9"]
[EventCountry "BRA"]

1. e4 Nf6 2. Nc3 d5 3. e5 d4 4. exf6 dxc3 5. bxc3 exf6 6. d4 Bd6 7. Nf3 O-O 8.
Be2 c5 9. O-O Nc6 10. h3 Qa5 11. Bd2 Qa3 12. Qc1 Qxc1 13. Raxc1 Bf5 14. Bd3
Bxd3 15. cxd3 cxd4 16. Nxd4 Nxd4 17. cxd4 Rac8 18. Be3 Rfd8 19. d5 b6 20. Rc4
Rc7 21. Rxc7 Bxc7 22. Rc1 Bd6 23. a4 Kf8 24. Kf1 Ke7 25. Ke2 Kd7 26. Rc4 Re8
27. Re4 Re5 28. Rxe5 Bxe5 29. d4 Bd6 30. Kd3 f5 {Ilegivel} 1-0

[Event "Aberto Brasil - II Niterói Chess Open "]
[Site "Salão de Convenções do Hot"]
[Date "2022.09.07"]
[Round "9.29"]
[White "Nunes, Agatha Hurba"]
[Black "Da Matta, Eduardo Cesar"]
[Result "1/2-1/2"]
[WhiteElo "1777"]
[BlackElo "2038"]
[PlyCount "42"]
[EventDate "2022.09.01"]
[EventRounds "9"]
[EventCountry "BRA"]

1. d4 d5 2. c4 c6 3. cxd5 cxd5 4. Nc3 Nf6 5. Nf3 Nc6 6. e3 Bf5 7. Ne5 Nd7 8.
Nxc6 bxc6 9. Bd3 Bxd3 10. Qxd3 e6 11. O-O c5 12. b3 cxd4 13. exd4 Bd6 14. Nb5
Be7 15. Bf4 O-O 16. Rfc1 Qb6 17. Rc7 Rfd8 18. Rc2 Rdc8 19. Nc7 Rab8 20. Na6 Ra8
21. Nc7 Rab8 1/2-1/2

[Event "Aberto Brasil - II Niterói Chess Open "]
[Site "Salão de Convenções do Hot"]
[Date "2022.09.07"]
[Round "9.30"]
[White "Pereira, Rodrigo Ferreira"]
[Black "Lopes, Artur Farias"]
[Result "0-1"]
[WhiteElo "1568"]
[BlackElo "2037"]
[PlyCount "72"]
[EventDate "2022.09.01"]
[EventRounds "9"]
[EventCountry "BRA"]

1. c4 c6 2. g3 d5 3. d4 Nf6 4. Bg2 dxc4 5. e3 e6 6. Ne2 b5 7. a4 Nd5 8. b3 Bb4+
9. Bd2 Bxd2+ 10. Qxd2 cxb3 11. axb5 cxb5 12. Nbc3 O-O 13. Nxb5 Qb6 14. Nbc3 a5
15. Nxd5 exd5 16. Bxd5 Nc6 17. Nc3 Bh3 18. Na4 Qb5 19. Nc3 Qb7 20. Na4 Rab8 21.
Nc5 b2 22. Rb1 Qb5 23. Bb3 Ne5 24. dxe5 Qxc5 25. Rxb2 a4 26. Bxa4 Rxb2 27. Qxb2
Qa5+ 28. Ke2 Qxa4 29. Ra1 Qc4+ 30. Ke1 Qf1+ 31. Kd2 Rd8+ 32. Kc3 Qd3+ 33. Kb4
Rb8+ 34. Kc5 Rc8+ 35. Kb6 Qd8+ 36. Ka6 Ra8+ 0-1

[Event "Aberto Brasil - II Niterói Chess Open "]
[Site "Salão de Convenções do Hot"]
[Date "2022.09.07"]
[Round "9.31"]
[White "Araujo, Renan Aparecido"]
[Black "Marcondes, Igor Dalcol"]
[Result "1-0"]
[WhiteElo "2031"]
[BlackElo "1783"]
[PlyCount "71"]
[EventDate "2022.09.01"]
[EventRounds "9"]
[EventCountry "BRA"]

1. e4 c6 2. d4 d5 3. e5 Bf5 4. h4 c5 5. dxc5 Nc6 6. a3 Nxe5 7. b4 a6 8. Bb2 Nc6
9. g4 Bd7 10. Nc3 h5 11. g5 e6 12. Be2 Nge7 13. Nh3 Qc7 14. Qd2 Nf5 15. Nf4
O-O-O 16. Ncxd5 exd5 17. Nxd5 Be6 18. Nxc7 Rxd2 19. Kxd2 Kxc7 20. Bd3 Rg8 21.
Rae1 g6 22. Bxf5 Bxf5 23. Re8 Bd7 24. Re3 Bg7 25. Bxg7 Rxg7 26. c4 Be6 27. Kc3
Rg8 28. b5 axb5 29. cxb5 Ne7 30. Re5 Ra8 31. b6+ Kc6 32. Rd1 Nd5+ 33. Kb2 Ra4
34. Rde1 Rxh4 35. Rxe6+ Kxc5 36. Rc1+ 1-0

[Event "Aberto Brasil - II Niterói Chess Open "]
[Site "Salão de Convenções do Hot"]
[Date "2022.09.07"]
[Round "9.32"]
[White "De Souza, Felipe Guimaraes"]
[Black "Boff, Lucas Strauss"]
[Result "1/2-1/2"]
[WhiteElo "1893"]
[BlackElo "2043"]
[PlyCount "93"]
[EventDate "2022.09.01"]
[EventRounds "9"]
[EventCountry "BRA"]

1. d4 Nf6 2. c4 g6 3. Nc3 d5 4. Nf3 Bg7 5. Bf4 O-O 6. e3 c5 7. dxc5 Qa5 8. Rc1
dxc4 9. Bxc4 Qxc5 10. Bb3 Nc6 11. O-O Qa5 12. h3 Nd7 13. Qe2 Nc5 14. Bc4 e5 15.
Bh2 Be6 16. Bb5 f6 17. Rfd1 Rfd8 18. Nd5 Rxd5 19. Rxd5 Bxd5 20. Rxc5 Bf7 21.
Qc2 Qxa2 22. Bxc6 bxc6 23. Rxc6 Qa1+ 24. Qc1 Qxc1+ 25. Rxc1 Rb8 26. Rc2 Rb7 27.
Nd2 Be6 28. f3 Kf7 29. Kf2 Ke7 30. Ke2 Bh6 31. h4 Bd7 32. g4 Bb5+ 33. Kf2 Ba4
34. b3 Bxb3 35. Nxb3 Rxb3 36. g5 fxg5 37. Rc7+ Ke6 38. Rxh7 Bf8 39. Rxa7 Bc5
40. Ra6+ Kf5 41. hxg5 Rb2+ 42. Kg3 Bxe3 43. Kh3 Bxg5 44. Bxe5 Kxe5 45. Rxg6 Kf5
46. Rg8 Be7 47. Rg3 1/2-1/2

[Event "Aberto Brasil - II Niterói Chess Open "]
[Site "Salão de Convenções do Hot"]
[Date "2022.09.07"]
[Round "9.33"]
[White "Dos Santos, Fabricio Ferreira"]
[Black "Marcolino, Daniel Mattos"]
[Result "0-1"]
[WhiteElo "1882"]
[BlackElo "2030"]
[PlyCount "136"]
[EventDate "2022.09.01"]
[EventRounds "9"]
[EventCountry "BRA"]

1. d4 Nf6 2. c4 e6 3. Nf3 d5 4. g3 dxc4 5. Bg2 a6 6. a4 Nc6 7. O-O Rb8 8. Bg5
Be7 9. Qc2 b5 10. axb5 axb5 11. Rd1 Nd5 12. Bxe7 Qxe7 13. Qc1 Bb7 14. Na3 Na5
15. Nxb5 Nb3 16. Qxc4 Nxa1 17. Rxa1 O-O 18. Ne5 Ra8 19. Rc1 Rfc8 20. Nd3 c6 21.
Na3 Ba6 22. Qc2 Bxd3 23. Qxd3 c5 24. dxc5 Rxc5 25. Rd1 Rac8 26. e3 g6 27. Qd2
Qb7 28. Qd4 Rc1 29. Bxd5 Rxd1+ 30. Qxd1 exd5 31. Qd2 Rb8 32. Nb1 Qxb2 33. Qxb2
Rxb2 34. Nc3 Rd2 35. Kg2 g5 36. g4 Kg7 37. Nb5 Kf6 38. Nd6 Ke6 39. Nf5 Ke5 40.
Kg3 h5 41. h3 h4+ 42. Kf3 Ra2 43. Nd4 Ra6 44. Kg2 Ke4 45. Nb3 Rc6 46. Nd4 Rf6
47. Nb3 Kd3 48. Kf1 Rc6 49. Nd4 Rf6 50. Nb3 Ke4 51. Nd2+ Ke5 52. Kg2 Ra6 53.
Nf3+ Kf6 54. Nd4 Kg6 55. Nf5 Kf6 56. Nd4 Ke7 57. Nf5+ Kd7 58. Nd4 f6 59. Nb3
Kd6 60. Nd4 Ra4 61. Kf3 Rc4 62. Nf5+ Ke5 63. Nh6 Rc3 64. Nf7+ Ke6 65. Nh6 d4
66. Nf5 d3 67. Nd4+ Ke5 68. Nb5 Rc1 0-1

[Event "Aberto Brasil - II Niterói Chess Open "]
[Site "Salão de Convenções do Hot"]
[Date "2022.09.07"]
[Round "9.34"]
[White "Cruz, Natan Gomes"]
[Black "Gomes, Pedro Pessoa"]
[Result "0-1"]
[WhiteElo "1881"]
[BlackElo "2004"]
[PlyCount "78"]
[EventDate "2022.09.01"]
[EventRounds "9"]
[EventCountry "BRA"]

1. e4 c5 2. Nf3 g6 3. d3 Nc6 4. g3 Bg7 5. Bg2 e5 6. Nbd2 Nge7 7. O-O O-O 8. c3
d6 9. Qc2 f5 10. a3 h6 11. b4 Be6 12. Nb3 c4 13. Nbd2 cxd3 14. Qxd3 d5 15. exd5
e4 16. Qe2 Bxd5 17. Nd4 Nxd4 18. cxd4 Bxd4 19. Rb1 Ba2 20. Rb2 Bxb2 21. Bxb2
Rc8 22. Rd1 Rc2 23. Ba1 Qd7 24. Qe3 Kh7 25. Qf4 g5 26. Qe5 Nc6 27. Qb5 Bc4 28.
Qc5 Rxd2 29. Rf1 Qf7 30. Rc1 Rfd8 31. Bf1 Rd1 32. Qxc4 Qxc4 33. Rxc4 Rxa1 34.
Kg2 Rdd1 35. Be2 Rg1+ 36. Kh3 g4+ 37. Kh4 Rh1 38. Bxg4 Rxh2+ 39. Bh3 Rah1 0-1

[Event "Aberto Brasil - II Niterói Chess Open "]
[Site "Salão de Convenções do Hot"]
[Date "2022.09.07"]
[Round "9.35"]
[White "Rodrigues, Julliano De Araujo"]
[Black "Lima, Vinicius Taishun"]
[Result "0-1"]
[WhiteElo "1829"]
[BlackElo "2002"]
[PlyCount "57"]
[EventDate "2022.09.01"]
[EventRounds "9"]
[EventCountry "BRA"]

1. e4 c5 2. Nf3 Nc6 3. d4 cxd4 4. Nxd4 g6 5. c4 Bg7 6. Be3 Nf6 7. Nc3 d6 8. Be2
O-O 9. O-O Bd7 10. Qd2 Nxd4 11. Bxd4 Bc6 12. f3 a5 13. b3 Nd7 14. Be3 Nc5 15.
Rab1 Be5 16. Rfd1 e6 17. Bd4 Qb6 18. Kh1 Rfd8 19. Bxe5 dxe5 20. Qe3 Qb4 21. h4
f6 22. Nb5 Bxb5 23. cxb5 Kg7 24. Rbc1 b6 25. Bc4 Rab8 26. f4 exf4 27. Qxf4 e5
28. Qe3 Qa3 29. Qe2 {Ilegivel} 0-1

[Event "Aberto Brasil - II Niterói Chess Open "]
[Site "Salão de Convenções do Hot"]
[Date "2022.09.07"]
[Round "9.36"]
[White "Feller, Gabriela Luisa Vice"]
[Black "Okamura, Milton Kasuo"]
[Result "1-0"]
[WhiteElo "1869"]
[BlackElo "1960"]
[PlyCount "57"]
[EventDate "2022.09.01"]
[EventRounds "9"]
[EventCountry "BRA"]

1. d4 d5 2. c4 e6 3. cxd5 exd5 4. Nf3 Nf6 5. Bg5 Be7 6. Bxf6 Bxf6 7. Qc2 g6 8.
Nc3 O-O 9. e3 c6 10. Be2 Re8 11. b4 Nd7 12. b5 Nb6 13. bxc6 bxc6 14. O-O Bf5
15. Bd3 Bxd3 16. Qxd3 Rb8 17. Rab1 Qe7 18. Nd2 Qc7 19. Rfc1 Re6 20. a4 Rd8 21.
a5 Nc8 22. Na4 Rde8 23. Qa6 c5 24. Qb5 Qe7 25. Nxc5 Nd6 26. Qd3 Bg5 27. Nxe6
Qxe6 28. Nf3 Bf6 29. Rc6 1-0

[Event "Aberto Brasil - II Niterói Chess Open "]
[Site "Salão de Convenções do Hot"]
[Date "2022.09.07"]
[Round "9.37"]
[White "Ferreira, Marcone Fiuza"]
[Black "Dias, Matheus Braga"]
[Result "0-1"]
[WhiteElo "1991"]
[BlackElo "1877"]
[PlyCount "102"]
[EventDate "2022.09.01"]
[EventRounds "9"]
[EventCountry "BRA"]

1. e4 c5 2. Nf3 d6 3. Bb5+ Bd7 4. Bxd7+ Qxd7 5. O-O Nc6 6. d4 cxd4 7. Nxd4 Nf6
8. Nc3 g6 9. h3 Bg7 10. Be3 O-O 11. Nxc6 Qxc6 12. Nd5 Nxd5 13. exd5 Qc4 14. c3
b5 15. Re1 Be5 16. Qb3 Rfc8 17. f4 Bf6 18. Rad1 Qxb3 19. axb3 b4 20. cxb4 Rc2
21. Bd4 Bxd4+ 22. Rxd4 Rxb2 23. Rxe7 Rc8 24. Rd3 Rcc2 25. Rg3 h5 26. Rxa7 Rc1+
27. Kh2 Rbb1 28. Rxg6+ fxg6 29. Kg3 Rxb3+ 30. Kh4 Rxb4 31. Kg5 Rc8 32. Rd7 Rb2
33. g4 hxg4 34. hxg4 Rf2 35. Rxd6 Kf7 36. Rf6+ Ke7 37. Re6+ Kd7 38. Rxg6 Rc5
39. Ra6 Rxd5+ 40. f5 Rd4 41. Ra7+ Kd6 42. Ra6+ Kd5 43. Ra5+ Ke4 44. f6 Rd5+ 45.
Rxd5 Kxd5 46. Kg6 Ke6 47. g5 Rf5 48. Kh6 Kf7 49. Kh5 Rf1 50. Kg4 Kg6 51. Kh4
Rf4+ 0-1

[Event "Aberto Brasil - II Niterói Chess Open "]
[Site "Salão de Convenções do Hot"]
[Date "2022.09.07"]
[Round "9.39"]
[White "Souza Dos Santos, Matheus Garcett"]
[Black "Morais, Wagner Soares De"]
[Result "1-0"]
[WhiteElo "1988"]
[BlackElo "1845"]
[PlyCount "143"]
[EventDate "2022.09.01"]
[EventRounds "9"]
[EventCountry "BRA"]

1. e4 c5 2. Nf3 d6 3. d4 cxd4 4. Nxd4 Nf6 5. Nc3 g6 6. Be3 Bg7 7. Bc4 O-O 8. f3
Nc6 9. Qd2 Bd7 10. h4 h5 11. O-O-O Nxd4 12. Bxd4 b5 13. Bb3 a5 14. Nd5 Nxd5 15.
Bxd5 Rc8 16. Bxg7 Kxg7 17. a3 Qc7 18. Qd4+ Kg8 19. Rd2 Qc5 20. Rhd1 Qxd4 21.
Rxd4 Rc5 22. c3 Rfc8 23. e5 e6 24. Be4 d5 25. Bc2 Rc4 26. Bb3 Rxd4 27. Rxd4 Rc5
28. Kd2 Bc8 29. a4 bxa4 30. Bxa4 Ba6 31. Ke3 Bb5 32. Bd1 Kf8 33. g4 hxg4 34.
fxg4 Kg7 35. g5 Kf8 36. Rf4 Ke7 37. h5 gxh5 38. Bxh5 Be8 39. Kd3 Rb5 40. Kc2
Rc5 41. Kb1 Rc7 42. Be2 Rc8 43. Rf6 Bd7 44. Bh5 Rf8 45. Rh6 Rg8 46. g6 fxg6 47.
Bxg6 Kd8 48. Ka2 Rf8 49. Ka3 Rf1 50. Kb3 Re1 51. Rh5 Re3 52. Rg5 Kc7 53. Bh5
Kc6 54. Bg4 d4 55. Kc4 d3 56. Bh5 d2 57. Kb3 Re1 58. Kc2 d1=Q+ 59. Bxd1 Kc5 60.
Kd2 Rf1 61. Be2 Rf5 62. Rxf5 exf5 63. Ke3 Kd5 64. Kf4 Kc5 65. Kg5 Kc6 66. Kf6
Kd5 67. b3 f4 68. Bf3+ Kc5 69. e6 Be8 70. Ke7 Bc6 71. Bxc6 Kxc6 72. Kd8 1-0

[Event "Aberto Brasil - II Niterói Chess Open "]
[Site "Salão de Convenções do Hot"]
[Date "2022.09.07"]
[Round "9.41"]
[White "Silva, Luiz Renato Marini"]
[Black "Jenidarchiche, Douglas Rodrigo"]
[Result "0-1"]
[WhiteElo "1965"]
[BlackElo "1826"]
[PlyCount "60"]
[EventDate "2022.09.01"]
[EventRounds "9"]
[EventCountry "BRA"]

1. e4 e5 2. Nc3 Nf6 3. f4 d5 4. fxe5 Nxe4 5. d4 Bb4 6. Qf3 O-O 7. Bd2 Nxd2 8.
Kxd2 c5 9. Nge2 Nc6 10. a3 Ba5 11. Qe3 Qh4 12. g3 cxd4 13. gxh4 dxe3+ 14. Kxe3
Re8 15. Rd1 Rxe5+ 16. Kf4 Rf5+ 17. Kg3 Bc7+ 18. Kg2 Be6 19. Ng3 Re5 20. Bd3 Rd8
21. Rhe1 a6 22. Rf1 Bg4 23. Rb1 h5 24. h3 Bc8 25. Nce2 b5 26. Ng1 g6 27. Nf3
Re3 28. Rbe1 Rde8 29. Rxe3 Rxe3 30. Kf2 Bb6 0-1

[Event "Aberto Brasil - II Niterói Chess Open "]
[Site "Salão de Convenções do Hot"]
[Date "2022.09.07"]
[Round "9.42"]
[White "Cardoso, Lucca Pimenta"]
[Black "Dos Santos, Gilvan Nobrega"]
[Result "1-0"]
[WhiteElo "1780"]
[BlackElo "1914"]
[PlyCount "103"]
[EventDate "2022.09.01"]
[EventRounds "9"]
[EventCountry "BRA"]

1. d4 f5 2. Nf3 Nf6 3. g3 b6 4. Bg2 Bb7 5. O-O e6 6. c4 g6 7. Nc3 Bg7 8. d5
exd5 9. cxd5 O-O 10. Bf4 Nh5 11. Be3 Na6 12. Rc1 Nc5 13. b4 Bxc3 14. Rxc3 Ne4
15. Rd3 Qe7 16. Qb3 Qd6 17. Nd2 Nxd2 18. Bxd2 Rae8 19. Bf3 Nf6 20. Bf4 Re5 21.
Qb2 Rfe8 22. Re3 Ne4 23. Bxe4 fxe4 24. Bxe5 Rxe5 25. f4 Re8 26. Rd1 Bxd5 27.
Qd4 c6 28. Rxe4 Re6 29. Rxe6 Qxe6 30. e4 Bxa2 31. Qxd7 Qxe4 32. Qd8+ Kg7 33.
Qd4+ Qxd4+ 34. Rxd4 Bd5 35. Rd1 a6 36. Kf2 Kf6 37. g4 Ke6 38. Re1+ Kd6 39. h4
c5 40. bxc5+ Kxc5 41. Re7 b5 42. Rxh7 b4 43. Ke3 a5 44. Ra7 Kb5 45. Kd4 Bf3 46.
f5 gxf5 47. gxf5 a4 48. f6 Bh5 49. f7 Bxf7 50. Rxf7 a3 51. Rb7+ Ka5 52. Kc4 1-0

[Event "Aberto Brasil - II Niterói Chess Open "]
[Site "Salão de Convenções do Hot"]
[Date "2022.09.07"]
[Round "9.44"]
[White "Rabello, Gabriel Urubatan Fr"]
[Black "Luz, Arthur Nader"]
[Result "0-1"]
[WhiteElo "1700"]
[BlackElo "2199"]
[PlyCount "90"]
[EventDate "2022.09.01"]
[EventRounds "9"]
[EventCountry "BRA"]

1. e4 c5 2. Nf3 d6 3. d4 cxd4 4. Nxd4 Nf6 5. Nc3 g6 6. Be3 Bg7 7. f3 O-O 8. Bc4
Nc6 9. Qd2 Bd7 10. g4 Qa5 11. O-O-O Rfc8 12. Nb3 Qc7 13. g5 Ne5 14. Be2 Nh5 15.
Nd5 Qd8 16. Bd4 Nc4 17. Bxc4 Rxc4 18. Bxg7 Kxg7 19. Ne3 Rc6 20. Ng4 Qb6 21.
Rhg1 Rac8 22. c3 Be6 23. Nd4 Rc5 24. Nxe6+ fxe6 25. Kc2 Qa5 26. Kb1 e5 27. Qf2
Rb5 28. Rd3 Rxc3 29. Rxc3 Qxc3 30. Rc1 Qd3+ 31. Qc2 Qd4 32. Qc3 Nf4 33. Qxd4
exd4 34. Rc7 Kf7 35. Rc4 Ne6 36. h4 Rc5 37. Rxc5 dxc5 38. Ne5+ Ke8 39. Kc2 Kd8
40. Nd3 Kc7 41. b3 b5 42. Kd2 Kd6 43. a4 bxa4 44. bxa4 c4 45. Nb4 Nf4 0-1

[Event "Aberto Brasil - II Niterói Chess Open "]
[Site "Salão de Convenções do Hot"]
[Date "2022.09.07"]
[Round "9.45"]
[White "Macieira, Flavio Helmold"]
[Black "Da Cunha, Fabio Barbosa"]
[Result "1/2-1/2"]
[WhiteElo "1824"]
[BlackElo "2130"]
[PlyCount "68"]
[EventDate "2022.09.01"]
[EventRounds "9"]
[EventCountry "BRA"]

1. c3 c5 2. Nf3 g6 3. d4 Bg7 4. g3 b6 5. Bf4 Bb7 6. Bg2 Nf6 7. Nh4 Bxg2 8. Nxg2
cxd4 9. cxd4 Nc6 10. Nc3 Nh5 11. Be3 O-O 12. O-O d5 13. Qa4 Qd7 14. Rfd1 a6 15.
Rd2 h6 16. Nf4 Nxf4 17. Bxf4 b5 18. Qd1 g5 19. Be3 Rac8 20. Rc1 f5 21. f3 f4
22. Bf2 fxg3 23. hxg3 Rf6 24. Kg2 h5 25. a3 Rcf8 26. Qb3 e6 27. Rh1 h4 28. Nd1
hxg3 29. Bxg3 g4 30. f4 Rxf4 31. Bxf4 Rxf4 32. Qd3 Qf7 33. Qh7+ Kf8 34. e3 Rf6
{Ilegivel} 1/2-1/2

[Event "Aberto Brasil - II Niterói Chess Open "]
[Site "Salão de Convenções do Hot"]
[Date "2022.09.07"]
[Round "9.46"]
[White "Lima, Ivan Varga"]
[Black "Ramos, Angelo Bil"]
[Result "0-1"]
[WhiteElo "1744"]
[BlackElo "2003"]
[PlyCount "121"]
[EventDate "2022.09.01"]
[EventRounds "9"]
[EventCountry "BRA"]

1. d4 Nf6 2. c4 e6 3. Nc3 d5 4. Nf3 c5 5. g3 Nc6 6. cxd5 exd5 7. Bg2 Be7 8. O-O
O-O 9. Bf4 a6 10. Rc1 c4 11. Ne5 Be6 12. Re1 Qb6 13. Na4 Qb5 14. b3 cxb3 15.
Nxc6 bxc6 16. Qxb3 Ne4 17. Qc2 Rac8 18. Rb1 Qa5 19. f3 Nd6 20. Bd2 Qc7 21. Nc5
Nc4 22. Rb7 Qd8 23. Nxa6 Nxd2 24. Qxd2 Ra8 25. Nc7 Bc8 26. Reb1 Bxb7 27. Rxb7
Qc8 28. Qb2 Rb8 29. Rxb8 Qxb8 30. Qxb8 Rxb8 31. Bh3 Rb7 32. Na6 Bf6 33. e3 Rb1+
34. Bf1 Bd8 35. a4 Kf8 36. Nc5 Ra1 37. Kf2 Ke7 38. e4 Bb6 39. exd5 Bxc5 40.
dxc5 Rxa4 41. dxc6 Ra5 42. Bd3 Rxc5 43. Be4 f5 44. Bd3 Kd6 45. g4 g6 46. gxf5
gxf5 47. Ke3 Kxc6 48. Kf4 Kd6 49. Bxf5 h6 50. h4 Ke7 51. h5 Kf6 52. Bg4 Rc4+
53. Ke3 Ke5 54. Kd2 Ra4 55. Kc2 Kf4 56. Kd3 Ke5 57. Kc3 Ra3+ 58. Kb2 Rd3 59.
Kc1 Kf4 60. Kc2 Re3 61. Bf5 {Ilegivel} 0-1

[Event "Aberto Brasil - II Niterói Chess Open "]
[Site "Salão de Convenções do Hot"]
[Date "2022.09.07"]
[Round "9.48"]
[White "Cantarino Neto, Mario Ribeiro"]
[Black "Baeta, Marcio Netto"]
[Result "1/2-1/2"]
[WhiteElo "1973"]
[BlackElo "1799"]
[PlyCount "21"]
[EventDate "2022.09.01"]
[EventRounds "9"]
[EventCountry "BRA"]

1. d4 d5 2. c4 e6 3. Nc3 Nf6 4. Bg5 Be7 5. e3 c6 6. Nf3 Nbd7 7. Rc1 h6 8. Bh4
O-O 9. Bd3 dxc4 10. Bxc4 b5 11. Bd3 1/2-1/2

[Event "Aberto Brasil - II Niterói Chess Open "]
[Site "Salão de Convenções do Hot"]
[Date "2022.09.07"]
[Round "9.50"]
[White "Santos, Abel Cardoso Dos"]
[Black "Baptista, Andre Kemper"]
[Result "1-0"]
[WhiteElo "1826"]
[BlackElo "1900"]
[PlyCount "55"]
[EventDate "2022.09.01"]
[EventRounds "9"]
[EventCountry "BRA"]

1. e4 d6 2. d4 g6 3. f4 Bg7 4. Nf3 Nf6 5. Bd3 O-O 6. O-O Bg4 7. h3 Bxf3 8. Qxf3
e5 9. fxe5 dxe5 10. d5 Nfd7 11. Qe3 c6 12. c4 Qb6 13. Nc3 Na6 14. a3 Nac5 15.
Bc2 Nb3 16. Qxb6 Nxb6 17. Bxb3 Nd7 18. Bc2 Rac8 19. Be3 cxd5 20. cxd5 a6 21.
Rac1 Nc5 22. b4 Ne6 23. dxe6 Rxc3 24. Bc5 Bh6 25. Bxf8 Bxc1 26. e7 Be3+ 27. Kh1
Rc8 28. Bb3 1-0

[Event "Aberto Brasil - II Niterói Chess Open "]
[Site "Salão de Convenções do Hot"]
[Date "2022.09.07"]
[Round "9.51"]
[White "Bail, Ellen Larissa"]
[Black "Simas, Breno Matos"]
[Result "1/2-1/2"]
[WhiteElo "1899"]
[BlackElo "1749"]
[PlyCount "48"]
[EventDate "2022.09.01"]
[EventRounds "9"]
[EventCountry "BRA"]

1. d4 d5 2. Nf3 Nf6 3. g3 e6 4. Bg2 Be7 5. O-O O-O 6. c4 dxc4 7. Qc2 a6 8. a4
Nc6 9. Qxc4 Qd5 10. Na3 b5 11. Qd3 Nb4 12. Qb1 Qf5 13. Qxf5 exf5 14. Ne5 Ne4
15. axb5 axb5 16. Bf4 Nd5 17. Nc2 Bb7 18. Ne3 Nxf4 19. gxf4 g6 20. Rfc1 Bd6 21.
Nd3 Rxa1 22. Rxa1 Ra8 23. Rxa8+ Bxa8 24. Kf1 Nd2+ 1/2-1/2

[Event "Aberto Brasil - II Niterói Chess Open "]
[Site "Salão de Convenções do Hot"]
[Date "2022.09.07"]
[Round "9.52"]
[White "Jorge, Denrick Cabral Jose"]
[Black "Brambilla, Renee Blandy T."]
[Result "1-0"]
[WhiteElo "1892"]
[BlackElo "1616"]
[PlyCount "127"]
[EventDate "2022.09.01"]
[EventRounds "9"]
[EventCountry "BRA"]

1. e4 c5 2. Nc3 Nc6 3. Bb5 e6 4. Bxc6 bxc6 5. d3 d5 6. Qe2 Ne7 7. f4 g6 8. Nf3
Bg7 9. O-O Bb7 10. Bd2 Qc7 11. Na4 Rb8 12. f5 gxf5 13. Kh1 fxe4 14. Ng5 Nf5 15.
dxe4 Nh6 16. Qh5 Bc8 17. exd5 O-O 18. dxe6 fxe6 19. Nxc5 Qe7 20. Rxf8+ Bxf8 21.
Nge4 Nf5 22. Bg5 Qg7 23. Bf6 Qg6 24. Qxg6+ hxg6 25. Rd1 Kf7 26. Bc3 Rb5 27. Rd8
Bxc5 28. Nxc5 Rxc5 29. Rxc8 Rd5 30. Rc7+ Ne7 31. Kg1 a5 32. Ra7 e5 33. Rxa5 Ke6
34. a4 Rd1+ 35. Kf2 Nd5 36. Rc5 Kd6 37. Rc4 Nf4 38. Re4 Rd5 39. Bxe5+ Rxe5 40.
Rxf4 Kc5 41. b4+ Kb6 42. h4 Rd5 43. Kg3 Re5 44. Kf3 Rd5 45. g4 g5 46. hxg5 Rxg5
47. Ke4 Rd5 48. c3 Rd1 49. Rf6 Re1+ 50. Kd4 Rg1 51. Rg6 Rd1+ 52. Kc4 Re1 53. b5
Re4+ 54. Kb3 Kc7 55. Rxc6+ Kb7 56. Rg6 Ka7 57. a5 Kb8 58. Rg7 Rf4 59. c4 Rf3+
60. Kb4 Rf4 61. b6 Rf6 62. Kb5 Rf8 63. a6 Rc8 64. a7+ 1-0

[Event "Aberto Brasil - II Niterói Chess Open "]
[Site "Salão de Convenções do Hot"]
[Date "2022.09.07"]
[Round "9.53"]
[White "Saraiva, Alexandre Pacheco"]
[Black "Nobre, Jailson Altair Barb"]
[Result "1-0"]
[WhiteElo "1882"]
[BlackElo "1648"]
[PlyCount "41"]
[EventDate "2022.09.01"]
[EventRounds "9"]
[EventCountry "BRA"]

1. c4 Nf6 2. Nf3 c5 3. g3 d5 4. cxd5 Nxd5 5. Bg2 g6 6. O-O Bg7 7. Nc3 Nxc3 8.
dxc3 O-O 9. Be3 Qc7 10. Qc1 Rd8 11. Bh6 Nc6 12. Bxg7 Kxg7 13. Qe3 Qd6 14. h4 e5
15. Rfd1 Qxd1+ 16. Rxd1 Rxd1+ 17. Kh2 f6 18. Qxc5 Be6 19. b4 Bxa2 20. b5 Na5
21. Qc7+ 1-0